000 01037cam a2200241 4500
001 J126855
008 020226n2003 000 0 eng u
035 _a(Sirsi) u126855
041 _aeng
050 _a692.8
_c18
110 _aJoint Contracts Tribunal
_93664
245 _aStandard form of building contract with contractor's design 1998 edition. Amendment 5 and guidance note issued July 2003
_bConstruction Skills Certification Scheme
260 _aLondon
_bRIBA
_c2003
300 _a4p.
_c30cm.
350 _a1.20
490 _aJCT Standard Form of Building Contract With Contractor's Design 1998 Edition
_vAmendment 5
650 _aBUILT ENVIRONMENT-BUILDING CONTRACT FORMS
650 _aCONSTRUCTION SKILLS CERTIFICATION SCHEME
650 _aBUILT ENVIRONMENT-BUILDING CONTRACT FORMS-STANDARD FORMS OF BUILDING CONTRACT-JOINT CONTRACTS TRIBNUAL CONTRACTS
650 _aJCT STANDARD FORM OF BUILDING CONTRACT WITH CONTRACTORS DESIGN (1998 EDITION)
690 _aBUILT ENVIRONMENT-BUILDING CONTRACT FORMS
942 _n0
999 _c103658
_d103658